Escuela Provincial de Agricultura
Descripción Física:
26 p. : il. ; 22 cm
Otros Autores:
Escola Industrial de Barcelona
Materias:
Escuela Provincial de Agricultura
MARC
| LEADER | 00000nam a2200000Ia 4500 | ||
|---|---|---|---|
| 001 | 9639 | ||
| 003 | BGR | ||
| 005 | 20260410113646.0 | ||
| 008 | 160829s1929 xx 000 0 cat d | ||
| 080 | |a RF-6-64 | ||
| 110 | 1 | |a Escuela Provincial de Agricultura |9 70839 | |
| 245 | |a Escuela Provincial de Agricultura | ||
| 260 | |a Barcelona : |b Real Politécnico Hispano Americano, |c 1929 | ||
| 300 | |a 26 p. : |b il. ; |c 22 cm | ||
| 610 | 1 | 0 | |a Escuela Provincial de Agricultura |9 70839 |
| 700 | |a Escola Industrial de Barcelona | ||
| 710 | 2 | |a Reial Politècnic Hispanoamericà |9 55096 | |
| 856 | 4 | |u https://media.diba.cat/diba/fitxers/arxiu/fulletons/bib_9639_1929_baixa.pdf |y Accés lliure | |
| 856 | 4 | |u https://media.diba.cat/diba/fitxers/arxiu/fulletons/bib_9639_1929_baixa.pdf |y Accés lliure | |
| 900 | |a bib_9639_1929_baixa.pdf | ||
| 901 | |a Arxiu | ||
| 942 | |n 1 |2 udc |c MON | ||
| 952 | |0 0 |1 0 |4 0 |6 RF664 |7 1 |9 45005 |a Arxiu |b Arxiu |d 2016-12-01 |l 0 |o RF-6-64 |p 9639 |r 2016-12-01 00:00:00 |w 2016-12-01 |y ARXIU | ||
| 999 | |c 47609 |d 47609 | ||